[Event "56th Rubinstein Memorial A 2020"]
[Site "Polanica Zdroj"]
[Date "2020.08.23"]
[Round "9.12"]
[White "Jachym, Adam"]
[Black "Fiedorek, Michal"]
[Result "0-1"]
[WhiteElo "2042"]
[BlackElo "2212"]
[Annotator "ChessBase"]
[PlyCount "96"]
[EventDate "2020.08.15"]
[EventType "swiss"]
[EventCountry "POL"]
[SourceTitle "playchess.com"]
[Source "ChessBase"]
[SourceQuality "1"]
[TimeControl "40/5400+30:1800+30"]

1. d4 {[%emt 0:00:00]} Nf6 {[%emt 0:00:00]} 2. Nf3 {[%emt 0:00:00]} g6 {[%emt 0:00:00]} 3. g3 {[%emt 0:00:00]} Bg7 {[%emt 0:00:00]} 4. Bg2 {[%emt 0:00:00]} O-O {[%emt 0:00:20]} 5. O-O {[%emt 0:00:10]} d6 {[%emt 0:00:15]} 6. c4 {[%emt 0:03:25]} Nbd7 {[%emt 0:01:45]} 7. Nc3 {[%emt 0:02:52]} e5 {[%emt 0:00:12]} 8. dxe5 {[%emt 0:02:16]} dxe5 {[%emt 0:01:04]} 9. Qc2 {[%emt 0:12:58]} Qe7 {[%emt 0:02:09]} 10. b3 {[%emt 0:04:45]} a5 {[%emt 0:02:33]} 11. e4 {[%emt 0:04:13]} c6 {[%emt 0:02:05]} 12. a4 {[%emt 0:09:28]} Nc5 {[%emt 0:03:35]} 13. Ba3 {[%emt 0:00:18]} Re8 {[%emt 0:06:14]} 14. b4 {[%emt 0:03:47]} axb4 {[%emt 0:01:16]} 15. Bxb4 {[%emt 0:00:10]} Bf8 {[%emt 0:01:16]} 16. Rfd1 {[%emt 0:13:29]} Bg4 {[%emt 0:07:45]} 17. Rab1 {[%emt 0:10:16]} Qc7 {[%emt 0:08:20]} 18. h3 {[%emt 0:03:27]} Bxf3 {[%emt 0:00:52]} 19. Bxf3 {[%emt 0:00:07]} Ne6 {[%emt 0:01:17]} 20. Bxf8 {[%emt 0:04:01]} Rxf8 {[%emt 0:04:28]} 21. Bg2 {[%emt 0:01:28]} Nd7 {[%emt 0:04:26]} 22. h4 {[%emt 0:02:39]} h5 {[%emt 0:05:58]} 23. Kh2 {[%emt 0:04:50]} Ndc5 {[%emt 0:02:09]} 24. Ra1 {[%emt 0:04:15]} Rfd8 {[%emt 0:02:36]} 25. Rxd8+ {[%emt 0:00:52]} Rxd8 {[%emt 0:02:01]} 26. Rd1 {[%emt 0:01:44]} Nd4 {[%emt 0:04:28]} 27. Qc1 {[%emt 0:00:35]} Nde6 {[%emt 0:04:14]} 28. Rxd8+ {[%emt 0:05:48]} Qxd8 {[%emt 0:00:17]} 29. Qe3 {[%emt 0:05:08]} Qd4 {[%emt 0:06:19]} 30. Bf1 {[%emt 0:00:10]} Qxe3 {[%emt 0:02:17]} 31. fxe3 {[%emt 0:00:07]} Kf8 {[%emt 0:00:37]} 32. Kh3 {[%emt 0:00:45]} Nb3 {[%emt 0:03:26]} 33. g4 {[%emt 0:01:39]} hxg4+ {[%emt 0:00:54]} 34. Kxg4 {[%emt 0:00:06]} Nd2 {[%emt 0:00:57]} 35. Be2 {[%emt 0:00:54]} Nc5 {[%emt 0:03:17]} 36. h5 {[%emt 0:00:36]} gxh5+ {[%emt 0:00:24]} 37. Kf5 {[%emt 0:00:34]} h4 {[%emt 0:03:17]} 38. Kxe5 {[%emt 0:00:23]} h3 {[%emt 0:05:56]} 39. Nd1 {[%emt 0:00:23]} Ncxe4 {[%emt 0:03:58]} 40. Bf3 {[%emt 0:00:00]} Nc3 {[%emt 0:00:00]} 41. Bg4 {[%emt 0:07:10]} Nxd1 {[%emt 0:03:46]} 42. Bxh3 {[%emt 0:00:09]} Nxc4+ {[%emt 0:02:38]} 43. Kd4 {[%emt 0:00:34]} Ndxe3 {[%emt 0:00:23]} 44. a5 {[%emt 0:01:23]} Ke7 {[%emt 0:05:08]} 45. Bc8 {[%emt 0:00:23]} Kd6 {[%emt 0:00:37]} 46. a6 {[%emt 0:02:43]} bxa6 {[%emt 0:00:36]} 47. Bxa6 {[%emt 0:00:07]} c5+ {[%emt 0:00:22]} 48. Ke4 {[%emt 0:00:26]} f5+ {[%emt 0:00:15]} 0-1

[Event "56th Rubinstein Memorial A 2020"]
[Site "Polanica Zdroj"]
[Date "2020.08.23"]
[Round "9.13"]
[White "Jaskolka, Tomasz"]
[Black "Kazmierowski, Tymon"]
[Result "1-0"]
[WhiteElo "2196"]
[BlackElo "1844"]
[Annotator "NA"]
[PlyCount "95"]
[EventDate "2020.08.15"]
[EventType "swiss"]
[EventCountry "POL"]
[SourceTitle "playchess.com"]
[Source "ChessBase"]
[SourceQuality "1"]
[TimeControl "40/5400+30:1800+30"]

1. d4 {[%emt 0:00:00]} Nf6 {[%emt 0:00:00]} 2. e3 {[%emt 0:01:48]} e6 {[%emt 0:00:06]} 3. Nf3 {[%emt 0:00:05]} b6 {[%emt 0:00:15]} 4. Bd3 {[%emt 0:00:03]} d5 {[%emt 0:00:48]} 5. O-O {[%emt 0:00:26]} Bd6 {[%emt 0:00:18]} 6. b3 {[%emt 0:00:11]} O-O {[%emt 0:00:05]} 7. Bb2 {[%emt 0:00:04]} Bb7 {[%emt 0:00:05]} 8. Ne5 {[%emt 0:00:36]} c5 {[%emt 0:00:33]} 9. Nd2 {[%emt 0:03:25]} Nc6 {[%emt 0:00:12]} 10. a3 {[%emt 0:00:23]} Ne7 {[%emt 0:07:24]} 11. Qf3 {[%emt 0:08:15]} Qc7 {[%emt 0:01:51]} 12. Qh3 {[%emt 0:00:31]} g6 {[%emt 0:05:59] [#]} (12... Ne4 $11) 13. Ndf3 {[%emt 0:13:57]} (13. Nef3 $1 $16 cxd4 14. Nxd4) 13... cxd4 {[%emt 0:12:15]} 14. Bxd4 {[%emt 0:00:33]} Nf5 15. Bb2 {[%emt 0:06:02]} d4 {[%emt 0:23:02]} (15... Ne4 $5 {[%cal Rf7f6]} 16. g4 f6 17. gxf5 exf5 $11) 16. exd4 $11 {[%emt 0:21:34]} (16. Bxf5 $5 exf5 17. Nc4 $14) 16... Nh5 $1 {[%emt 0:03:04]} 17. Qg4 {[%emt 0:21:49]} Nf6 {[%emt 0:05:37]} 18. Qg5 {[%emt 0:01:18]} h6 {[%emt 0:00:23]} 19. Qd2 {[%emt 0:02:16]} Kh7 {[%emt 0:04:50]} 20. Rfe1 {[%emt 0:03:55]} Rad8 {[%emt 0:04:40]} 21. Qf4 {[%emt 0:07:39]} Nh5 {[%emt 0:01:25]} 22. Qg4 {[%emt 0:00:36]} Nf6 23. Qf4 Nh5 {[%emt 0:02:35]} 24. Qg4 {[%emt 0:00:12]} Nf6 {[%emt 0:00:35]} 25. Qh3 {[%emt 0:00:13]} Nh5 {[%emt 0:00:57]} 26. Bc1 {[%emt 0:02:05]} Bxf3 {[%emt 0:08:47]} 27. Nxf3 {[%emt 0:01:32]} Bf4 {[%emt 0:00:33]} 28. g4 {[%emt 0:01:26]} Bxc1 {[%emt 0:00:47]} 29. gxf5 {[%emt 0:01:09]} Nf4 {[%emt 0:01:30]} 30. fxg6+ {[%emt 0:00:44]} fxg6 {[%emt 0:00:09]} 31. Ng5+ {[%emt 0:01:24]} Kg8 {[%emt 0:01:07]} 32. Qxh6 {[%emt 0:00:24]} Nh3+ {[%emt 0:00:34]} 33. Qxh3 {[%emt 0:00:09]} Bxg5 {[%emt 0:00:07]} 34. Qxe6+ {[%emt 0:00:29]} Qf7 {[%emt 0:00:04]} 35. Bc4 {[%emt 0:01:01]} Qxe6 {[%emt 0:00:20]} 36. Bxe6+ {[%emt 0:00:07]} Kg7 {[%emt 0:00:10]} 37. d5 {[%emt 0:00:23]} Bd2 {[%emt 0:00:08]} 38. Re2 {[%emt 0:00:17]} Bc3 {[%emt 0:00:05]} 39. Rd1 {[%emt 0:00:05]} Rf6 {[%emt 0:00:09]} 40. Rd3 {[%emt 0:00:00]} Bb2 {[%emt 0:00:00]} 41. b4 {[%emt 0:00:40]} Bc1 {[%emt 0:00:27]} 42. c4 {[%emt 0:00:16]} Bg5 {[%emt 0:00:57]} 43. c5 {[%emt 0:00:15]} bxc5 {[%emt 0:00:02]} 44. bxc5 {[%emt 0:00:08]} Bh4 {[%emt 0:00:03]} 45. c6 {[%emt 0:01:07]} Bxf2+ {[%emt 0:00:17]} 46. Rxf2 {[%emt 0:00:14]} Rxe6 {[%emt 0:00:04]} 47. dxe6 {[%emt 0:00:20]} Rxd3 {[%emt 0:00:10]} 48. c7 {[%emt 0:00:12]} 1-0

[Event "56th Rubinstein Memorial A 2020"]
[Site "Polanica Zdroj"]
[Date "2020.08.23"]
[Round "9.14"]
[White "Wisniewski, Michal"]
[Black "Vanduyfhuys, Daria"]
[Result "1-0"]
[WhiteElo "2127"]
[BlackElo "1985"]
[Annotator "NA"]
[PlyCount "53"]
[EventDate "2020.08.15"]
[EventType "swiss"]
[EventCountry "POL"]
[SourceTitle "playchess.com"]
[Source "ChessBase"]
[SourceQuality "1"]
[TimeControl "40/5400+30:1800+30"]

{[%evp 8,28,-28,-30,-23,-20,-22,-33,-29,-46,-40,-47,-32,-37,0,-18,0,-74,0,32767,35,31,87]} 1. g4 {[%emt 0:23:52]} d5 {[%emt 0:00:35]} 2. Bg2 {[%emt 0:00:04]} h6 {[%emt 0:03:16]} 3. h3 {[%emt 0:01:26]} Nf6 {[%emt 0:00:18]} 4. e3 {[%emt 0:00:37]} c5 {[%emt 0:03:29]} 5. b3 {[%emt 0:00:08]} g6 {[%emt 0:01:08]} 6. Bb2 {[%emt 0:00:05]} Bg7 {[%emt 0:00:07]} 7. d3 {[%emt 0:00:27]} Nc6 {[%emt 0:00:47]} 8. Ne2 {[%emt 0:00:25]} O-O {[%emt 0:01:49]} 9. Nd2 {[%emt 0:00:04]} Re8 {[%emt 0:04:32]} 10. O-O {[%emt 0:02:37]} Qd6 {[%emt 0:04:30]} 11. Ng3 {[%emt 0:03:05]} b6 {[%emt 0:06:05]} 12. f4 {[%emt 0:06:27] [#]} (12. c4 $11 {remains equal.}) 12... Bb7 {[%emt 0:15:32]} (12... Nxg4 $1 $17 13. Bxg7 Nxe3 {[%mdl 64] Double Attack}) 13. Qf3 {[%emt 0:04:51]} Nb4 {[%emt 0:12:51]} 14. g5 {[%emt 0:02:32]} Ne4 $16 {[%emt 0:12:32]} 15. dxe4 {[%emt 0:05:44]} Bxb2 {[%emt 0:00:07]} 16. e5 {[%emt 0:00:02]} Qc7 {[%emt 0:00:30]} 17. e6 {[%emt 0:03:24]} Bxa1 {[%emt 0:10:58]} 18. exf7+ {[%emt 0:05:00]} Kxf7 {[%emt 0:00:04]} 19. f5 {[%emt 0:00:07]} Kg8 {[%emt 0:00:31]} 20. gxh6 {[%emt 0:04:25]} Be5 {[%emt 0:17:41]} 21. fxg6 {[%emt 0:00:13]} Rf8 {[%emt 0:01:23]} 22. h7+ {[%emt 0:00:01]} Kg7 {[%emt 0:00:10]} 23. h8=Q+ {[%emt 0:00:08]} Rxh8 {[%emt 0:00:35]} 24. Qf7+ {[%emt 0:00:04]} Kh6 {[%emt 0:00:03]} 25. Nf5+ {[%emt 0:00:02]} Kg5 {[%emt 0:00:57]} 26. Nf3+ {[%emt 0:00:03]} Kh5 {[%emt 0:00:09]} 27. g7# 1-0

[Event "56th Rubinstein Memorial A 2020"]
[Site "Polanica Zdroj"]
[Date "2020.08.23"]
[Round "9.15"]
[White "Czarniecka, Aleksandra"]
[Black "Balinski, Damian"]
[Result "0-1"]
[WhiteElo "2043"]
[BlackElo "2136"]
[Annotator "NA"]
[PlyCount "64"]
[EventDate "2020.08.15"]
[EventType "swiss"]
[EventCountry "POL"]
[SourceTitle "playchess.com"]
[Source "ChessBase"]
[SourceQuality "1"]
[TimeControl "40/5400+30:1800+30"]

1. e4 {[%emt 0:00:00]} d6 {[%emt 0:00:00]} 2. d4 {[%emt 0:00:00]} Nf6 {[%emt 0:00:00]} 3. Nc3 {[%emt 0:00:00]} g6 {[%emt 0:00:00]} 4. f4 {[%emt 0:00:13]} Bg7 {[%emt 0:00:00]} 5. Nf3 {[%emt 0:00:22]} O-O {[%emt 0:00:00]} 6. Bd3 {[%emt 0:00:46]} Nc6 {[%emt 0:00:00]} 7. e5 {[%emt 0:00:20]} dxe5 {[%emt 0:00:00]} 8. fxe5 {[%emt 0:00:08]} Nh5 {[%emt 0:00:15]} 9. Be3 {[%emt 0:00:23]} f6 {[%emt 0:00:20] B09: Pirc Defence: Austrian Attack.} 10. exf6 {[%emt 0:00:09]} Nxf6 {[%emt 0:00:05] was the old line (10...exf6).} 11. Qe2 {[%emt 0:01:17]} Ng4 {[%emt 0:00:27]} 12. O-O-O {[%emt 0:00:52]} Nxe3 {[%emt 0:00:07]} 13. Qxe3 {[%emt 0:00:05]} Bg4 {[%emt 0:00:39] [#]} 14. Be2 $146 {[%emt 0:08:31]} ({Predecessor:} 14. Bc4+ Kh8 15. Ng5 Bxd1 16. Rxd1 Qd6 17. Nf7+ Rxf7 18. Bxf7 Rf8 19. Bb3 Nxd4 20. Kb1 {0-1 (20) Aguas Sanmartin,M (2295)-Beliavsky,A (2659) Villarrobledo 2001}) 14... Bxf3 {[%emt 0:31:07]} 15. Bxf3 {[%emt 0:00:51]} Nxd4 {[%emt 0:03:43]} 16. Bxb7 {[%emt 0:08:16]} Rb8 $1 {[%emt 0:01:34]} 17. Bd5+ {[%emt 0:00:07]} e6 {[%emt 0:00:11]} 18. Bxe6+ {[%emt 0:02:59]} Kh8 {[%emt 0:00:03]} 19. Bb3 $1 {[%emt 0:02:02]} Qf6 {[%emt 0:06:20]} 20. Rhe1 {[%emt 0:13:43]} c5 {[%emt 0:11:28]} 21. Kb1 $19 {[%emt 0:19:11]} (21. g3 $11) 21... Nb5 {[%emt 0:07:23]} 22. Kc1 {[%emt 0:15:37]} c4 {[%emt 0:05:27]} 23. Bxc4 {[%emt 0:05:11]} Nxc3 {[%emt 0:00:22]} 24. bxc3 {[%emt 0:00:46]} Qc6 {[%emt 0:10:52]} 25. Bb3 {[%emt 0:05:16]} Bxc3 {[%emt 0:01:16]} 26. Rf1 {[%emt 0:01:03]} Bg7 {[%emt 0:03:10]} 27. Rf3 {[%emt 0:05:09]} a5 {[%emt 0:02:56]} 28. Rdf1 {[%emt 0:01:01]} Rxf3 {[%emt 0:05:38]} 29. Rxf3 {[%emt 0:03:02]} Re8 {[%emt 0:00:10]} 30. Qf4 {[%emt 0:02:22]} Qc5 {[%emt 0:02:12]} 31. Qc4 {[%emt 0:02:13]} Qg1+ {[%emt 0:00:58]} 32. Rf1 {[%emt 0:00:07]} Re1+ {[%emt 0:00:32]} 0-1

[Event "56th Rubinstein Memorial A 2020"]
[Site "Polanica Zdroj"]
[Date "2020.08.23"]
[Round "9.16"]
[White "Majocha, Piotr"]
[Black "Goraj, Barbara"]
[Result "1/2-1/2"]
[WhiteElo "1906"]
[BlackElo "2099"]
[Annotator "NA"]
[PlyCount "80"]
[EventDate "2020.08.15"]
[EventType "swiss"]
[EventCountry "POL"]
[SourceTitle "playchess.com"]
[Source "ChessBase"]
[SourceQuality "1"]
[TimeControl "40/5400+30:1800+30"]

1. c4 {[%emt 0:00:00]} Nf6 {[%emt 0:01:19]} 2. Nf3 {[%emt 0:00:00]} g6 {[%emt 0:00:23]} 3. Nc3 {[%emt 0:00:13]} Bg7 {[%emt 0:00:32]} 4. d4 {[%emt 0:00:09]} O-O {[%emt 0:00:32]} 5. e4 {[%emt 0:00:36]} d6 {[%emt 0:00:09]} 6. h3 {[%emt 0:00:06]} e5 {[%emt 0:00:21]} 7. d5 {[%emt 0:00:41]} a5 {[%emt 0:00:35]} 8. g4 {[%emt 0:00:16]} Na6 {[%emt 0:00:54]} 9. Be3 {[%emt 0:00:16]} Nc5 {[%emt 0:00:29]} 10. Nd2 {[%emt 0:00:06]} c6 {[%emt 0:00:46]} 11. Be2 {[%emt 0:02:33]} a4 {[%emt 0:00:46] E92: King's Indian: Classical: 6 Be2 e5: 7 dxe5, 7 Be3 and Petrosian System without 7...Nbd7.} 12. b4 {[%emt 0:21:59]} axb3 $1 {[%emt 0:05:58]} 13. axb3 {[%emt 0:00:06]} Rxa1 {[%emt 0:08:03]} 14. Qxa1 {[%emt 0:00:04] [#]} Ne8 $146 {[%emt 0:00:19]} ({Predecessor:} 14... Na6 $11 15. Qa3 c5 16. Nf1 Kh8 17. Ng3 Ng8 18. g5 f5 19. exf5 gxf5 20. Bd2 Nb4 {1-0 (46) Parligras,M (2596)-Mazur,S (2427) Konya 2016}) 15. b4 {[%emt 0:19:34]} Nd7 {[%emt 0:05:38]} 16. Qb1 {[%emt 0:07:11]} ({White should play} 16. Qa5 $16 Qxa5 17. bxa5) 16... f5 {[%emt 0:06:01]} 17. gxf5 {[%emt 0:02:56]} gxf5 {[%emt 0:00:47]} 18. exf5 {[%emt 0:01:00]} e4 {[%emt 0:01:11]} ({Black should try} 18... Ndf6 $14) 19. Ndxe4 {[%emt 0:05:13]} (19. Ncxe4 $142 cxd5 20. cxd5) 19... Ne5 {[%emt 0:02:34]} 20. Ng3 {[%emt 0:08:44]} Nxc4 $14 {[%emt 0:05:27]} 21. Bxc4 {[%emt 0:00:13]} Bxc3+ {[%emt 0:00:07]} 22. Kf1 {[%emt 0:00:21]} Kh8 {[%emt 0:03:27]} 23. Qd3 {[%emt 0:05:22]} Be5 {[%emt 0:04:47]} 24. Rg1 {[%emt 0:08:36]} Qh4 {[%emt 0:02:35]} 25. f4 {[%emt 0:04:57]} Bg7 {[%emt 0:04:07]} 26. Kg2 {[%emt 0:02:39]} Nf6 {[%emt 0:02:39]} 27. dxc6 {[%emt 0:05:12]} bxc6 {[%emt 0:00:38]} 28. Be6 {[%emt 0:01:59]} Bb7 {[%emt 0:02:26]} 29. Qe2 {[%emt 0:01:49]} Bh6 {[%emt 0:03:40]} 30. Qf3 {[%emt 0:01:04]} Rb8 {[%emt 0:11:36]} 31. Kh2 {[%emt 0:00:40]} c5 {[%emt 0:01:24]} 32. Qd1 {[%emt 0:00:39]} Bc6 {[%emt 0:04:16]} 33. Ne2 {[%emt 0:00:26]} Qh5 {[%emt 0:06:16]} 34. Nc3 {[%emt 0:00:44]} Qxd1 {[%emt 0:10:33]} 35. Rxd1 {[%emt 0:00:04]} Bf8 {[%emt 0:01:38]} 36. bxc5 {[%emt 0:00:24]} dxc5 {[%emt 0:00:25]} 37. Rb1 {[%emt 0:00:55]} Rxb1 {[%emt 0:01:01]} 38. Nxb1 {[%emt 0:00:04]} Ne4 {[%emt 0:00:18]} 39. Nd2 {[%emt 0:00:20]} Nxd2 {[%emt 0:01:25]} 40. Bxd2 {[%emt 0:00:00]} Bg7 1/2-1/2

[Event "56th Rubinstein Memorial A 2020"]
[Site "Polanica Zdroj"]
[Date "2020.08.23"]
[Round "9.17"]
[White "Hetzer, Volkhard"]
[Black "Hasterok, Mateusz"]
[Result "1/2-1/2"]
[WhiteElo "1911"]
[BlackElo "2056"]
[Annotator "NA"]
[PlyCount "52"]
[EventDate "2020.08.15"]
[EventType "swiss"]
[EventCountry "POL"]
[SourceTitle "playchess.com"]
[Source "ChessBase"]
[SourceQuality "1"]
[TimeControl "40/5400+30:1800+30"]

1. d4 {[%emt 0:00:00]} f5 {[%emt 0:00:00]} 2. Bg5 {[%emt 0:00:00]} g6 {[%emt 0:00:00]} 3. Nc3 {[%emt 0:04:34]} d5 {[%emt 0:04:30]} 4. e3 {[%emt 0:02:21]} Bg7 {[%emt 0:02:17]} 5. Qd2 {[%emt 0:14:59]} Nf6 {[%emt 0:05:45]} 6. Nf3 {[%emt 0:07:57]} ({White should try} 6. h4 $14) 6... c6 {[%emt 0:06:09]} 7. Ne5 {[%emt 0:01:16]} Nbd7 {[%emt 0:03:20]} 8. f4 {[%emt 0:10:25]} Qc7 {[%emt 0:07:54]} 9. Be2 {[%emt 0:01:35]} b5 {[%emt 0:13:16]} 10. a3 {[%emt 0:07:07]} a5 {[%emt 0:05:45]} 11. O-O {[%emt 0:05:45]} O-O $11 {[%emt 0:05:52]} 12. Bf3 {[%emt 0:05:20]} Nxe5 {[%emt 0:05:55]} 13. dxe5 {[%emt 0:12:22]} Ne4 {[%emt 0:03:12]} 14. Bxe4 {[%emt 0:00:46]} dxe4 {[%emt 0:00:08]} 15. Nd5 {[%emt 0:00:36]} cxd5 {[%emt 0:04:20]} 16. Qxd5+ {[%emt 0:00:10]} Be6 {[%emt 0:00:45]} 17. Qxe6+ {[%emt 0:00:06]} Rf7 {[%emt 0:00:35]} 18. c3 {[%emt 0:05:07]} Qc5 {[%emt 0:01:50]} 19. Kf2 {[%emt 0:00:59]} h6 {[%emt 0:01:07]} 20. Bh4 {[%emt 0:01:49]} g5 {[%emt 0:00:22]} 21. Bg3 {[%emt 0:01:32]} Qc4 {[%emt 0:00:49]} 22. Qxc4 {[%emt 0:02:17]} bxc4 {[%emt 0:00:07]} 23. Rfd1 {[%emt 0:01:32]} e6 {[%emt 0:00:55]} 24. Rd2 {[%emt 0:05:06]} Bf8 {[%emt 0:03:21]} 25. Rad1 {[%emt 0:00:37]} Rb8 {[%emt 0:00:42]} 26. Rc2 {[%emt 0:00:17]} Rfb7 {[%emt 0:03:05]} 1/2-1/2

[Event "56th Rubinstein Memorial A 2020"]
[Site "Polanica Zdroj"]
[Date "2020.08.23"]
[Round "9.18"]
[White "Hertlein, Irena"]
[Black "Kasperek, Ryszard"]
[Result "0-1"]
[WhiteElo "1905"]
[BlackElo "2202"]
[Annotator "ChessBase"]
[PlyCount "64"]
[EventDate "2020.08.15"]
[EventType "swiss"]
[EventCountry "POL"]
[SourceTitle "playchess.com"]
[Source "ChessBase"]
[SourceQuality "1"]
[TimeControl "40/5400+30:1800+30"]

1. e4 {[%emt 0:00:00]} g6 {[%emt 0:01:02]} 2. d4 {[%emt 0:03:21]} Bg7 {[%emt 0:00:15]} 3. g3 {[%emt 0:01:14]} d5 {[%emt 0:02:33]} 4. e5 {[%emt 0:00:49]} c5 {[%emt 0:00:07]} 5. c3 {[%emt 0:00:26]} Nc6 {[%emt 0:00:05]} 6. Bg2 {[%emt 0:00:19]} Nh6 {[%emt 0:06:40]} 7. Ne2 {[%emt 0:08:56]} Bg4 {[%emt 0:20:39]} 8. f3 {[%emt 0:03:22]} Bf5 {[%emt 0:12:32]} 9. f4 {[%emt 0:04:45]} cxd4 {[%emt 0:05:45]} 10. Nxd4 {[%emt 0:00:34]} e6 {[%emt 0:07:03]} 11. O-O {[%emt 0:05:07]} Qb6 {[%emt 0:02:26]} 12. Qb3 {[%emt 0:09:23]} Nxd4 {[%emt 0:02:37]} 13. Qxb6 {[%emt 0:00:46]} axb6 {[%emt 0:01:19]} 14. cxd4 {[%emt 0:00:05]} Bxb1 {[%emt 0:02:31]} 15. Rxb1 {[%emt 0:00:01]} Nf5 {[%emt 0:00:04]} 16. Rd1 {[%emt 0:04:40]} Rxa2 {[%emt 0:00:40]} 17. g4 {[%emt 0:04:44]} Ne7 {[%emt 0:00:42]} 18. Bd2 {[%emt 0:01:18]} Kd7 {[%emt 0:01:38]} 19. Bb4 {[%emt 0:00:56]} Nc6 {[%emt 0:00:35]} 20. Ba3 {[%emt 0:01:36]} Bf8 {[%emt 0:04:39]} 21. Bf1 {[%emt 0:02:25]} h5 {[%emt 0:03:51]} 22. g5 {[%emt 0:03:57]} Bxa3 {[%emt 0:01:57]} 23. bxa3 {[%emt 0:00:00]} Kc7 {[%emt 0:00:09]} 24. Rb3 {[%emt 0:00:15]} Ra8 {[%emt 0:00:05]} 25. Rdd3 {[%emt 0:00:29]} Ra4 {[%emt 0:00:41]} 26. Rbc3 {[%emt 0:00:58]} Kb8 {[%emt 0:05:32]} 27. Rb3 {[%emt 0:02:07]} Nxd4 {[%emt 0:02:46]} 28. Rxb6 {[%emt 0:00:57]} R2xa3 {[%emt 0:00:26]} 29. Rd1 {[%emt 0:02:55]} Ra2 {[%emt 0:00:39]} 30. Bg2 {[%emt 0:01:43]} Ne2+ {[%emt 0:02:11]} 31. Kh1 {[%emt 0:00:05]} Ra1 {[%emt 0:01:37]} 32. Rdb1 {[%emt 0:00:37]} Rxb1+ 0-1

[Event "56th Rubinstein Memorial A 2020"]
[Site "Polanica Zdroj"]
[Date "2020.08.23"]
[Round "9.19"]
[White "Rogacewicz, Mikolaj"]
[Black "Stachecki, Mikolaj"]
[Result "1/2-1/2"]
[WhiteElo "1970"]
[BlackElo "1806"]
[Annotator "ChessBase"]
[PlyCount "126"]
[EventDate "2020.08.15"]
[EventType "swiss"]
[EventCountry "POL"]
[SourceTitle "playchess.com"]
[Source "ChessBase"]
[SourceQuality "1"]
[TimeControl "40/5400+30:1800+30"]

1. d4 {[%emt 0:00:00]} d5 {[%emt 0:00:00]} 2. c4 {[%emt 0:00:00]} c6 {[%emt 0:00:00]} 3. Nf3 {[%emt 0:00:00]} Nf6 {[%emt 0:00:00]} 4. e3 {[%emt 0:00:00]} Bf5 {[%emt 0:00:00]} 5. Nc3 {[%emt 0:00:00]} e6 {[%emt 0:00:00]} 6. Nh4 {[%emt 0:00:12]} Be4 {[%emt 0:00:07]} 7. f3 {[%emt 0:00:08]} Bg6 {[%emt 0:00:05]} 8. Qb3 {[%emt 0:00:15]} Qc7 {[%emt 0:00:07]} 9. Bd2 {[%emt 0:00:07]} Be7 {[%emt 0:00:09]} 10. Rc1 {[%emt 0:05:16]} Nbd7 {[%emt 0:00:36]} 11. g3 {[%emt 0:01:06]} dxc4 {[%emt 0:00:49]} 12. Bxc4 {[%emt 0:01:59]} a6 {[%emt 0:00:44]} 13. O-O {[%emt 0:08:53]} b5 {[%emt 0:06:18]} 14. Be2 {[%emt 0:00:29]} Qb6 {[%emt 0:00:15]} 15. Nxg6 {[%emt 0:03:52]} hxg6 {[%emt 0:00:06]} 16. f4 {[%emt 0:00:40]} c5 {[%emt 0:04:55]} 17. Bf3 {[%emt 0:02:36]} Rb8 {[%emt 0:13:53]} 18. Ne2 {[%emt 0:04:44]} O-O {[%emt 0:01:46]} 19. Kh1 {[%emt 0:03:10]} Rfc8 {[%emt 0:01:26]} 20. g4 {[%emt 0:04:13]} c4 {[%emt 0:03:15]} 21. Qd1 {[%emt 0:01:03]} b4 {[%emt 0:11:25]} 22. Qe1 {[%emt 0:05:26]} Qa5 {[%emt 0:12:43]} 23. g5 {[%emt 0:09:11]} Nd5 {[%emt 0:05:19]} 24. a3 {[%emt 0:11:00]} c3 {[%emt 0:10:51]} 25. bxc3 {[%emt 0:00:22]} bxc3 {[%emt 0:00:06]} 26. Nxc3 {[%emt 0:06:25]} Nxc3 {[%emt 0:00:22]} 27. Bxc3 {[%emt 0:01:24]} Qxa3 {[%emt 0:00:17]} 28. Be4 {[%emt 0:07:32]} a5 {[%emt 0:04:47]} 29. Rf2 {[%emt 0:03:08]} Bb4 {[%emt 0:02:28]} 30. Rfc2 {[%emt 0:00:31]} Bxc3 {[%emt 0:01:20]} 31. Rxc3 {[%emt 0:00:09]} Rxc3 {[%emt 0:00:07]} 32. Rxc3 {[%emt 0:00:34]} Qb4 {[%emt 0:00:21]} 33. Kg2 {[%emt 0:03:43]} Nc5 {[%emt 0:02:42]} 34. dxc5 {[%emt 0:09:11]} Qxe4+ {[%emt 0:00:05]} 35. Kg3 {[%emt 0:01:30]} Rb2 {[%emt 0:01:41]} 36. Qf1 {[%emt 0:00:42]} Rb1 {[%emt 0:12:53]} 37. Qg2 {[%emt 0:03:31]} Qxg2+ {[%emt 0:02:54]} 38. Kxg2 {[%emt 0:00:09]} f5 {[%emt 0:00:26]} 39. gxf6 {[%emt 0:04:08]} gxf6 {[%emt 0:00:03]} 40. e4 {[%emt 0:00:00]} a4 {[%emt 0:00:00]} 41. c6 {[%emt 0:01:42]} Rb8 {[%emt 0:03:47]} 42. Kf3 {[%emt 0:02:23]} Rc8 {[%emt 0:00:55]} 43. e5 {[%emt 0:06:43]} Kf7 {[%emt 0:02:59]} 44. Kg4 {[%emt 0:01:25]} Ra8 {[%emt 0:07:45]} 45. Rd3 {[%emt 0:07:51]} Ra7 {[%emt 0:07:22]} 46. h4 {[%emt 0:02:48]} a3 {[%emt 0:00:41]} 47. c7 {[%emt 0:00:29]} Rxc7 {[%emt 0:00:07]} 48. Rxa3 {[%emt 0:00:05]} Rd7 {[%emt 0:01:49]} 49. Ra8 {[%emt 0:02:47]} Rc7 {[%emt 0:02:17]} 50. Rh8 {[%emt 0:02:47]} Kg7 {[%emt 0:00:06]} 51. Rd8 {[%emt 0:00:19]} Rb7 {[%emt 0:01:13]} 52. Kf3 {[%emt 0:04:20]} Rb3+ {[%emt 0:00:42]} 53. Ke4 {[%emt 0:00:50]} f5+ {[%emt 0:01:51]} 54. Kd4 {[%emt 0:00:17]} Rh3 {[%emt 0:00:35]} 55. Kc5 {[%emt 0:02:23]} Rxh4 {[%emt 0:00:27]} 56. Kd6 {[%emt 0:00:20]} Rxf4 {[%emt 0:01:40]} 57. Kxe6 {[%emt 0:00:59]} Ra4 {[%emt 0:01:06]} 58. Rd7+ {[%emt 0:00:52]} Kg8 {[%emt 0:01:03]} 59. Kf6 {[%emt 0:00:16]} f4 {[%emt 0:00:20]} 60. e6 {[%emt 0:01:34]} f3 {[%emt 0:03:01]} 61. Kxg6 {[%emt 0:01:27]} Rg4+ {[%emt 0:01:22]} 62. Kh5 {[%emt 0:00:23]} f2 {[%emt 0:00:20]} 63. Rf7 {[%emt 0:00:29]} Re4 {[%emt 0:00:26]} 1/2-1/2